000
00341 a2200157 4500
001
56703
020
_a
8532901999
040
_c
Anchieta - Pituba
100
_a
Marques, Ângela Cristina Salgueiro
240
1
0
_a
Bruno Zumbi
_l
por
245
1
0
_a
Bruno Zumbi
300
_a
63
362
0
_a
1995
650
4
_a
Literatura juvenil
942
_c
BK
999
_c
56703
_d
56703